A handbook of early Muhammadan tradition :

محفوظ في:

المؤلف الرئيسي: Wensinck, A. J.

التنسيق: كتاب

اللغة: Undetermined

منشور في: Leiden : E. J. Brill, 1927.

الموضوعات:

الوسوم: إضافة وسم

لا توجد وسوم, كن أول من يضع وسما على هذه التسجيلة!

رقم الطلب: (Ref.) BP135 .W4

LEADER 00510nam a2200145Ia 4500
008 220712s9999||||xx |||||||||||||| ||und||
050 4 |a (Ref.) BP135 .W4 
100 1 |a Wensinck, A. J. 
245 1 2 |a A handbook of early Muhammadan tradition : 
264 1 |a Leiden :  |b E. J. Brill,  |c 1927. 
300 |a xviii, 268p. :  |b 1 l. ;  |c 27cm. 
555 4 |o (Ref.) BP135 .W4 
650 4 |a Islam. 
952 |0 0  |1 0  |2 lcc  |4 0  |7 1  |9 41785  |a ARCE  |b ARCE  |d 2022-07-21  |l 0  |o (Ref.) BP135 .W4  |p 1033421  |r 2022-07-21 00:00:00  |w 2022-07-21  |y BK 
999 |c 48764  |d 48764